La psicotécnica /
Guardado en:
| Autor Principal: | |
|---|---|
| Formato: | Libro |
| Publicado: |
Buenos Aires :
Paidos,
1961
|
| Materias: | |
| Etiquetas: |
Agregar Etiqueta
Sin Etiquetas, Sea el primero en etiquetar este registro!
|
| LEADER | 00566nam a22001935a 4500 | ||
|---|---|---|---|
| 001 | CEM.cems004869 | ||
| 005 | 20060217000000.0 | ||
| 008 | 130507s1961##################000#0#####d | ||
| 003 | CEMS | ||
| 082 | 0 | 4 | |a 150.13 |
| 100 | 1 | |a Palmade, Guy | |
| 245 | 1 | 0 | |a La psicotécnica / |
| 260 | |a Buenos Aires : |b Paidos, |c 1961 | ||
| 300 | |a 140 p. | ||
| 653 | |a Inteligencia-medicion | ||
| 653 | |a Psicología de la conducta | ||
| 653 | |a Psicotécnica | ||
| 859 | |a CEMS |b BIB. CEMS - 11 de abril |h 150.13 |i P18 |p 284.73 |t Ej.1 | ||
| 859 | |a CEMS |b BIB. CEMS - 11 de abril |h 150.13 |i P18 |p 3872.75 |t Ej.2 | ||
